Countries With Nuclear Fission Reactors - Statistics

General Stats
  • This quiz has been taken 26 times
  • The average score is 24 of 31
Answer Stats
Answer % Correct
China
100%
Russia
100%
Japan
95%
United Kingdom
95%
United States
95%
Brazil
91%
France
91%
Ukraine
91%
Canada
86%
Mexico
86%
South Korea
86%
Argentina
82%
India
82%
Pakistan
82%
Sweden
82%
Belarus
77%
Finland
77%
Iran
73%
Netherlands
73%
South Africa
73%
Spain
73%
Switzerland
73%
Belgium
68%
Romania
68%
Bulgaria
59%
Slovenia
59%
Slovakia
55%
Czechia
50%
Hungary
50%
United Arab Emirates
45%
Armenia
32%
No matching quizzes found
Score Distribution
Percent of People with Each Score
Percentile by Number Answered
Your Score History
You have not taken this quiz